LEADER 01067nas a2200265 u 4500 001 000000025277 003 CaOOAMICUS 005 20130604124324.0 008 950109u19539999it qr p u0 u ita u 035 $a10648232 040 $aBAV$bita$dPUL 130 0 $aRivista Biblica$g[Spogli].$0(OLS)http://pul/title/34837 245 10$aRivista Biblica. 260 $aRoma ;$aFirenze :$b[Libreria Editrice Fiorentina],$c1953- 300 $av. ;$c24 cm 310 $aTrimestrale 362 0 $aAnno 1, Gennaio-Marzo 1953, fasc. 1 500 $aOrgano dell'Associazione biblica italiana. 500 $aIl luogo di edizione e l'editore cambiano. 630 04$aBiblia$xPeriodici.$0(OLS)http://pul/subject/14065 850 $aPUL 852 $aPUL$W1$xSL Riviste Correnti$y14$m3-224/SL220.05Riv.4/DP1344.F$j35382$nSE-PRI$bV.1 (1953)-v.3 (1955), v.5 (1957)-$qPeriodici$B35382$CPULBib$Z2$F35382 $82 941 1 $a5 996 $6245$aRivista Biblica$9(OLS)http://pul/title/34838 996 $6260$aRoma ;$aFirenze :$b[Libreria Editrice Fiorentina]$9(OLS)http://pul/publisher/58828 LEADER 01490nam a2200337 u 4500 001 000000066489 003 CaOOAMICUS 005 20070226121600.0 008 020116s1968 it u000 u ita u 035 $a10916841 040 $aPUL(R)$bita 041 1 $aita$heng$hfre$hger 245 02$aL'Impero romano e i popoli limitrofi /$ca cura di Pierre Grimal. 260 $aMilano :$bFeltrinelli,$c1968. 300 $a389 p. ;$c19 cm 490 1 $aStoria universale Feltrinelli ;$v8 490 1 $aIl mondo mediterraneo nell'antichità ;$v4 500 $aEd. orig.: Fischer Weltgeschichte 8: Das Römische Reich und seine Nachbarn. 504 $aBibliografia: p. 358-366. 651 4$aRoma$xStoria$yImpero, 30 a.C.-284 d.C.$0(OLS)http://pul/subject/2293 700 1 $aMillar, Fergus,$d1934-$0(OLS)http://pul/name/7509 740 4 $aDas Römische Reich und seine Nachbarn. 830 3$aIl mondo mediterraneo nell'antichità ;$v4.$0(OLS)http://pul/title/38056 830 0$aStoria universale Feltrinelli ;$v8.$0(OLS)http://pul/title/20414 850 $aPUL 852 $aPUL$W1$xSL Filosofia 1$y2$m99 H 12$j85963$nBK-PRI$b $qStampati$B85963$CPULBib$Z2$F85963 $H $81 941 1 $a8 961 $aINV: 45110 996 $6245$aL'Impero romano e i popoli limitrofi$9(OLS)http://pul/title/88264 996 $6740$aDas Römische Reich und seine Nachbarn$9(OLS)http://pul/title/88265 996 $6260$aMilano :$bFeltrinelli$9(OLS)http://pul/publisher/48846